South Eastern Kenya University

Library Online Public Access Catalogue


Yoga for the joy of it! / (Record no. 4636)

MARC details
000 -LEADER
fixed length control field 00435cam a2200133 a 4500
020 ## - ISBN
International Standard Book Number 9780763765941 (pbk. : alk. paper)
050 00 - LIBRARY OF CONGRESS CALL NUMBER
Classification Number RA 781.7
Item Number .K68 2010
100 1# - MAIN ENTRY--Author
Personal name Kraines, Minda Goodman.
245 10 - TITLE
Title Yoga for the joy of it! /
Statement of responsibility, etc Minda Goodman Kraines, Barbara Rose Sherman.
260 ## - PUBLICATION, DISTRIBUTION, ETC.(IMPRINT)
Place of publication, distribution, etc Sudbury, Mass. :
Name of publisher, distributor, etc Jones and Bartlett Publishers,
Date of publication, distribution, etc c2010.
300 ## - PHYSICAL DESCRIPTION
Extent xxii, 258 p. ;
700 1# - ADDED ENTRY--PERSONAL AUTHOR
Personal Name Sherman, Barbara Rose.
942 ## - ADDED ENTRY ELEMENTS(KOHA)
Source of classification or shelving scheme Library of Congress Classification
Koha item type General circulation
Holdings
Source of classification or shelving scheme Not for loan Location (home branch) Sublocation (holding branch) Shelving location Date accessioned Full call number Barcode Nonpublic note Koha item type
Library of Congress Classification   Main Campus Library Main Campus Library   30/06/2015 RA 781.7 .K68 2010 2015/001242 jm General circulation
Kitui, Kenya.
+254736116989
library@seku.ac.ke